Statistics for Star Wars Episode V - The Empire Strikes Back Quotes

Click here to take the quiz!

General Stats

  • This quiz has been taken 198 times
  • The average score is 12 of 15

Answer Stats

Hint Answer % Correct
Never tell me the ..........odds
96%
No! ...... not. Do or do not. There is no .......try
96%
The force is with you, young Skywalker, but you are not a ....... yet.jedi
93%
No! I am your ......father
91%
Impressive. Most impressive. Obi-Wan has taught you well. You have controlled your fear. Now, release your ......... Only your hatred can destroy me.anger
90%
Luke, you can destroy the Emperor. He has foreseen this. It is your destiny. Join me, and together we can rule the ....... as father and son.galaxy
88%
I am ........... the deal. Pray I don't alter it any further.altering
83%
And I thought they smelled bad on the ...........outside
81%
Why, you stuck up, half-witted, scruffy-looking ..........nerf herder
76%
I've just made a deal that'll keep the ........ out of here forever.empire
71%
Laugh it up, ........fuzzball
71%
The Force is strong with him. The son of ........ must not become a Jedi.skywalker
70%
A Jedi uses the Force for knowledge and defense, ......... for attack.never
63%
You must .......... what you have learned.unlearn
47%
There will be a substantial reward for the one who finds the Millennium Falcon. You are free to use any methods necessary, but I want them alive. No ...........disintegrations
36%

Score Distribution

Percentile by Number Answered

Percent of People with Each Score

Your Score History

You have not taken this quiz